[Event "Mechanics' Winter TNM; 30/90, SD/30"]
[Site "San Francisco"]
[Date "2015.01.27"]
[Round "4.31"]
[White "Paquette, James"]
[Black "Nagle, Michael"]
[Result "1/2-1/2"]
[WhiteElo "1438"]
[BlackElo "1438"]
[PlyCount "121"]
[EventDate "2015.??.??"]

1. d4 Nf6 2. Nf3 g6 3. Bg5 Bg7 4. Nbd2 d6 5. e4 O-O 6. Bd3 Nbd7 7. Nc4 c6 8. e5
dxe5 9. dxe5 Ng4 10. Bf4 b5 11. Nd4 bxc4 12. Nxc6 Qb6 13. Nxe7+ Kh8 14. Qxg4
Qb4+ 15. c3 Qxe7 16. Bxc4 Nxe5 17. Qe2 Re8 18. O-O Nxc4 19. Qxc4 Qf6 20. Rfe1
Ba6 21. Rxe8+ Rxe8 22. Qc7 Qe7 23. g3 Qxc7 24. Bxc7 Re2 25. Rd1 Bf6 26. Rd6 Bb7
27. Kf1 Re6 28. Rxe6 fxe6 29. Ke2 Bd5 30. a3 Bb3 31. Ke3 Kg7 32. f4 g5 33. Be5
gxf4+ 34. gxf4 Kg6 35. Ke4 Bc2+ 36. Kd4 Bd8 37. b4 Bb6+ 38. Kc4 a6 39. Bd4 Bxd4
40. Kxd4 Kf5 41. Ke3 Bb3 42. Kf3 h5 43. h4 Bd5+ 44. Ke3 Kg4 45. Kd4 Kxf4 46. c4
Bc6 47. Kc5 Ba4 48. b5 axb5 49. cxb5 Bxb5 50. Kxb5 e5 51. Kc4 Kf3 52. a4 e4 53.
a5 e3 54. a6 e2 55. a7 e1=Q 56. a8=Q+ Qe4+ 57. Qxe4+ Kxe4 58. Kc3 Kf4 59. Kd3
Kg4 60. Ke3 Kxh4 61. Kf4 1/2-1/2

[Event "Mechanics' Winter TNM; 30/90, SD/30"]
[Site "San Francisco"]
[Date "2015.02.10"]
[Round "6.32"]
[White "Paquette, James"]
[Black "Nyangar, Enkhmaa"]
[Result "1-0"]
[WhiteElo "1438"]
[BlackElo "1663"]
[PlyCount "59"]
[EventDate "2015.??.??"]

1. d4 d5 2. Nf3 Nc6 3. Bf4 Bf5 4. e3 Nf6 5. Bd3 Qd7 6. Bxf5 Qxf5 7. Bxc7 Rc8 8.
Be5 Nxe5 9. Nxe5 Rxc2 10. O-O e6 11. g4 Nxg4 12. Qxg4 Qf6 13. Qf4 Qe7 14. Na3
g5 15. Qxf7+ Qxf7 16. Nxf7 Kxf7 17. Nxc2 Bd6 18. Rac1 h5 19. Na3 a6 20. Rc2 Rg8
21. f3 Kf6 22. Rg2 Kf5 23. h4 e5 24. Rxg5+ Rxg5+ 25. hxg5 Kxg5 26. dxe5 Bc5 27.
f4+ Kf5 28. Nc2 b5 29. Kf2 h4 30. Kf3 1-0

[Event "Mechanics' Leighton Allen TNM; G/2"]
[Site "San Francisco"]
[Date "2015.09.15"]
[Round "7.17"]
[White "Paquette, James"]
[Black "Shnaiderman, Lazar"]
[Result "1/2-1/2"]
[WhiteElo "1471"]
[BlackElo "1826"]
[PlyCount "46"]
[EventDate "2015.??.??"]

1. d4 Nf6 2. Nf3 e6 3. e3 c5 4. b3 d5 5. Bb2 Nc6 6. Bd3 Bd6 7. O-O O-O 8. Nbd2
b6 9. Ne5 Bb7 10. c4 cxd4 11. exd4 Rc8 12. Rc1 Ne7 13. Qe2 Ng6 14. f4 Rc7 15.
f5 exf5 16. Bxf5 Re7 17. Bxg6 hxg6 18. Qf2 Ne4 19. Nxe4 dxe4 20. Rce1 Rxe5 21.
dxe5 Bc5 22. Re3 Bxe3 23. Qxe3 Qd3 1/2-1/2

[Event "Mechanics' Summer TNM; G/2"]
[Site "San Francisco"]
[Date "2015.06.23"]
[Round "5.23"]
[White "Paquette, James"]
[Black "Standen, Julian"]
[Result "0-1"]
[WhiteElo "1456"]
[BlackElo "1634"]
[PlyCount "120"]
[EventDate "2015.??.??"]

1. d4 d5 2. Nf3 Nf6 3. e3 Bg4 4. Nbd2 e6 5. Bd3 Bd6 6. c3 Nbd7 7. Qc2 O-O 8. b3
Re8 9. Bb2 e5 10. dxe5 Nxe5 11. Nxe5 Bxe5 12. O-O c6 13. f4 Bd6 14. e4 dxe4 15.
Nxe4 Nxe4 16. Bxe4 h6 17. c4 Qc7 18. Qc3 f6 19. Bg6 Re7 20. Qg3 Be2 21. Bxf6
gxf6 22. Bf5+ Rg7 23. Be6+ Kh8 24. Qh4 Bc5+ 25. Kh1 Bxf1 26. Qxh6+ Rh7 27.
Qxf6+ Qg7 28. Qxg7+ Rxg7 29. Rxf1 Rd8 30. h3 Rd2 31. g4 Rh7 32. g5 Rh4 33. Bg4
Kg7 34. f5 Rh8 35. f6+ Kg6 36. Rf5 Re8 37. Rf1 Kxg5 38. f7 Rf8 39. Rf5+ Kg6 40.
Rxc5 Kxf7 41. Ra5 Kg6 42. Kg1 Ra8 43. Kf1 b6 44. Ra6 c5 45. Ke1 Rh2 46. Kf1 Rd2
47. Ke1 Rh2 48. Kf1 Rb2 49. Ke1 Re8+ 50. Kd1 Re7 51. Ra3 Kg5 52. b4 Rxb4 53.
Rg3 Rb2 54. Bc8+ Kf4 55. Rg4+ Ke5 56. Rg5+ Kf6 57. Rf5+ Kg7 58. Rg5+ Kh6 59. h4
Rg7 60. Rxg7 Kxg7 0-1

[Event "Mechanics' Winter TNM; 30/90, SD/30"]
[Site "San Francisco"]
[Date "2015.01.13"]
[Round "2.17"]
[White "Paquette, James"]
[Black "Wang, Michael"]
[Result "1/2-1/2"]
[WhiteElo "1438"]
[BlackElo "1948"]
[PlyCount "70"]
[EventDate "2015.??.??"]

1. d4 f5 2. Qd3 g6 3. Nf3 Nf6 4. Bg5 Bg7 5. Nbd2 O-O 6. e4 d5 7. exd5 Qxd5 8.
Qb3 Qxb3 9. Nxb3 h6 10. Bc4+ Kh7 11. Bf4 c6 12. Nc5 Nd5 13. Be5 b6 14. Nd3 Ba6
15. Bxa6 Nxa6 16. Bxg7 Kxg7 17. O-O-O Rac8 18. Rhe1 c5 19. dxc5 Nxc5 20. Nxc5
Rxc5 21. Nd4 Nc7 22. Rxe7+ Rf7 23. Rxc7 Rcxc7 24. Ne6+ Kf6 25. Nxc7 Rxc7 26.
Rd6+ Kg5 27. f4+ Kh5 28. Kd2 Rg7 29. Ke3 Kg4 30. c3 h5 31. b3 h4 32. a4 Re7+
33. Kf2 Kxf4 34. Rxg6 Rc7 35. c4 Rd7 1/2-1/2

[Event "Mechanics' Leighton Allen TNM; G/2"]
[Site "San Francisco"]
[Date "2015.08.04"]
[Round "1.9"]
[White "Pfefer, Jonathan"]
[Black "Chalissery, Jossy"]
[Result "1-0"]
[WhiteElo "2131"]
[BlackElo "1586"]
[PlyCount "77"]
[EventDate "2015.??.??"]

1. e4 d5 2. exd5 Qxd5 3. Nc3 Qa5 4. Bc4 Nf6 5. d3 c6 6. Bd2 Bg4 7. Nge2 e6 8.
a3 Nbd7 9. O-O Qd8 10. Bf4 Be7 11. h3 Bh5 12. Qd2 O-O 13. Ng3 Bg6 14. Nge4 Nxe4
15. dxe4 Nf6 16. Qe2 Qb6 17. Bb3 Rfd8 18. Be3 Qa5 19. Qc4 Rac8 20. a4 Bb4 21.
f3 h6 22. Ne2 Bd6 23. Nf4 Bxf4 24. Bxf4 Qb6+ 25. Kh2 Rd4 26. a5 Qd8 27. Qe2 Nh5
28. Be5 Rd2 29. Qe3 c5 30. Bc4 Rxc2 31. Bd3 Rxb2 32. Bxb2 Qd6+ 33. f4 c4 34.
Be2 c3 35. Bxc3 Rxc3 36. Qxc3 Nxf4 37. e5 Nxe2 38. exd6 Nxc3 39. d7 1-0

[Event "Mechanics' Leighton Allen TNM; G/2"]
[Site "San Francisco"]
[Date "2015.08.18"]
[Round "3.2"]
[White "Pfefer, Jonathan"]
[Black "Winslow, Elliott C"]
[Result "0-1"]
[WhiteElo "2131"]
[BlackElo "2328"]
[PlyCount "82"]
[EventDate "2015.??.??"]

1. e4 c5 2. Nf3 e6 3. d4 cxd4 4. Nxd4 a6 5. Nc3 Qc7 6. Bd3 Bc5 7. Nb3 Be7 8.
O-O Nf6 9. f4 d6 10. Qe2 Nbd7 11. Bd2 b5 12. Rae1 b4 13. Nd1 Bb7 14. Kh1 d5 15.
Nf2 dxe4 16. Nxe4 O-O 17. c3 Nxe4 18. Bxe4 Bxe4 19. Qxe4 Nf6 20. Qf3 a5 21. Rc1
Qd7 22. Rfd1 Qa4 23. Ra1 Rad8 24. Nd4 Rd5 25. g4 bxc3 26. Bxc3 Rfd8 27. g5 Ne8
28. b3 Qd7 29. Rd2 e5 30. fxe5 Bxg5 31. Rg2 h6 32. Rf1 Rxe5 33. Nf5 Rd5 34. Ba1
Rd1 35. Ne7+ Kh8 36. Rxg5 Rxf1+ 37. Qxf1 hxg5 38. Qxf7 Qd1+ 39. Kg2 Qg4+ 40.
Kf1 Rd1+ 41. Kf2 Rd2+ 0-1

[Event "Mechanics' Winter TNM; 30/90, SD/30"]
[Site "San Francisco"]
[Date "2015.01.06"]
[Round "1.32"]
[White "Poblete, Tyrone"]
[Black "Cheung, Aaron"]
[Result "0-1"]
[WhiteElo "1160"]
[BlackElo "1748"]
[PlyCount "64"]
[EventDate "2015.??.??"]

1. e4 e5 2. Nf3 Nc6 3. Nc3 Nf6 4. Bb5 d6 5. h3 Bd7 6. d3 a6 7. Bc4 Be7 8. Bg5
Na5 9. Nh4 Nxc4 10. dxc4 Nxe4 11. Bxe7 Qxe7 12. Nf3 Nxc3 13. bxc3 O-O 14. O-O
Bc6 15. Re1 Qf6 16. Qd2 Bxf3 17. gxf3 Qxf3 18. Qe3 Qxe3 19. Rxe3 f6 20. Kh2 b5
21. Rg1 bxc4 22. f4 Rab8 23. a3 Rfe8 24. f5 Rb2 25. Rg2 Ra2 26. Re4 d5 27. Reg4
Re7 28. h4 Rxa3 29. R4g3 h6 30. Rg6 Kh7 31. Re2 Rxc3 32. Rg4 e4 0-1

[Event "Mechanics' Spring TNM; G/2"]
[Site "San Francisco"]
[Date "2015.03.24"]
[Round "2.22"]
[White "Poler, Sebastian"]
[Black "Abraham, Renjish"]
[Result "0-1"]
[WhiteElo "1507"]
[BlackElo "1837"]
[PlyCount "50"]
[EventDate "2015.??.??"]

1. d4 d5 2. c4 dxc4 3. e4 Nf6 4. Nc3 e6 5. Bxc4 Be7 6. Nf3 O-O 7. O-O c6 8. h3
Nbd7 9. Bf4 Re8 10. Qc2 Nf8 11. Rad1 b5 12. Bxb5 cxb5 13. Nxb5 Ba6 14. Nc7 Bxf1
15. Nxe8 Qxe8 16. Kxf1 Qb5+ 17. Kg1 Qb7 18. e5 Nd5 19. Be3 Nxe3 20. fxe3 Rc8
21. Qe2 Qe4 22. Rd3 Ng6 23. Rc3 Rxc3 24. bxc3 Nf4 25. Qd2 Nxh3+ 0-1

[Event "Mechanics' Spring TNM; G/2"]
[Site "San Francisco"]
[Date "2015.04.28"]
[Round "7.28"]
[White "Poler, Sebastian"]
[Black "Hood, Bryan"]
[Result "1/2-1/2"]
[WhiteElo "1507"]
[BlackElo "1628"]
[PlyCount "63"]
[EventDate "2015.??.??"]

1. d4 d5 2. c4 e6 3. Nc3 Nf6 4. Bg5 Be7 5. Nf3 Nbd7 6. e3 O-O 7. c5 c6 8. Bd3
b6 9. b4 a5 10. a3 b5 11. O-O Re8 12. Bf4 Nh5 13. Ne5 Nxe5 14. Bxe5 g6 15. Qd2
Bf8 16. Rfb1 a4 17. Bxb5 cxb5 18. Nxb5 f6 19. Nc7 fxe5 20. Nxa8 Bd7 21. Nb6 Bb5
22. dxe5 Bh6 23. Qd1 Rf8 24. Nxa4 d4 25. exd4 Bxa4 26. Qxa4 Qd5 27. Qd1 Nf4 28.
f3 Nh3+ 29. Kf1 Qe4 30. Qe2 Rxf3+ 31. gxf3 Qxd4 32. Ke1 1/2-1/2

[Event "Mechanics' Winter TNM; 30/90, SD/30"]
[Site "?"]
[Date "2015.01.13"]
[Round "?"]
[White "Poler, Sebastian"]
[Black "Malykin, Erika"]
[Result "1-0"]
[WhiteElo "1506"]
[BlackElo "1525"]
[PlyCount "67"]
[EventDate "2015.01.13"]

1. d4 Nf6 2. c4 e5 3. dxe5 Ng4 4. Bf4 Nc6 5. Nf3 Bb4+ 6. Nbd2 Qe7 7. g3 Ngxe5
8. Bg2 Nd3+ 9. Kf1 Nxf4 10. gxf4 d6 11. a3 Bxd2 12. Qxd2 Qf6 13. Rd1 Be6 14.
Nd4 Nxd4 15. Qxd4 Qxd4 16. Rxd4 O-O-O 17. b3 Rhe8 18. Rg1 Bg4 19. Bxb7+ Kxb7
20. Rxg4 g6 21. f5 h5 22. Rg5 Re5 23. f4 Re3 24. fxg6 fxg6 25. b4 Rde8 26. Rxg6
Rxe2 27. Rg2 Re1+ 28. Kf2 R8e2+ 29. Kg3 h4+ 30. Kh3 Re3+ 31. Kxh4 Rxa3 32. Rf2
Rae3 33. f5 Re8 34. f6 {
and White won in another eight moves which are not available.} 1-0

[Event "Mechanics' Winter TNM; 30/90, SD/30"]
[Site "San Francisco"]
[Date "2015.01.27"]
[Round "4.29"]
[White "Poler, Sebastian"]
[Black "Newey, Richard"]
[Result "1/2-1/2"]
[WhiteElo "1506"]
[BlackElo "1755"]
[Annotator "Donaldson"]
[PlyCount "74"]
[EventDate "2015.??.??"]

1. d4 Nf6 2. c4 e6 3. Nc3 Bb4 4. Nf3 O-O (4... d5) 5. Bg5 d5 (5... c5 6. e3
cxd4 7. exd4 d5 8. Bd3 dxc4 9. Bxc4 Nc6 10. O-O Be7) 6. e3 b6 (6... c5) 7. a3 (
7. Bd3 dxc4 8. Bxc4 Bb7 9. O-O) 7... Be7 8. cxd5 Nxd5 9. Bxe7 Qxe7 10. Nxd5
exd5 11. Bd3 Ba6 (11... Bb7 12. O-O c5) 12. Rc1 (12. Rc1) (12. Bxa6 Nxa6 13.
O-O (13. Qa4 $1 Nb8 14. O-O c5 15. Rfd1 Rd8 16. Rac1) 13... c5 14. Qa4 Qb7)
12... Bxd3 13. Qxd3 a5 14. O-O f6 15. Rc3 Na6 16. Rfc1 Qd7 17. Rc6 Rfb8 (17...
Nc5 18. Qb5) 18. Qb5 Rb7 19. Qb3 Nb8 20. R6c3 c6 (20... c5 21. e4 c4 22. Qc2
dxe4 23. Qxe4 b5 24. b3) 21. Ne1 $2 (21. e4 a4 22. Qa2) 21... c5 22. Qc2 c4 (
22... Na6) 23. b3 b5 24. e4 Nc6 25. Nf3 b4 26. exd5 Nxd4 $2 (26... bxc3 27.
dxc6 Qxc6 28. Qxc3) 27. Nxd4 bxc3 28. bxc4 Qg4 29. Qxc3 Rc7 30. d6 Rc5 31. h3 (
31. Nb3 Rcc8 32. c5) 31... Qd7 32. Nb3 Rc6 (32... Qxd6 33. Nxc5 Qxc5 34. Rd1)
33. c5 Rac8 34. Qxa5 Qf5 35. Nd4 Qf4 36. Nxc6 $2 (36. Rd1 Rxc5 37. d7) 36...
Qxc1+ 37. Kh2 Qf4+ 1/2-1/2

[Event "Mechanics' Winter TNM; 30/90, SD/30"]
[Site "San Francisco"]
[Date "2015.02.17"]
[Round "7.27"]
[White "Poler, Sebastian"]
[Black "Reyes, Robert"]
[Result "1-0"]
[WhiteElo "1506"]
[BlackElo "1691"]
[Annotator "Donaldson"]
[PlyCount "71"]
[EventDate "2015.??.??"]

1. d4 Nf6 2. c4 e6 3. Nc3 Bb4 4. Nf3 O-O 5. Bg5 d6 6. e3 Nbd7 7. Be2 b6 8. O-O
Bxc3 9. bxc3 Bb7 10. Nd2 Qc8 11. Bf3 (11. Bd3) 11... Bxf3 12. Qxf3 c5 13. a4
Rb8 14. Rfb1 d5 15. cxd5 exd5 16. Rb5 a6 17. Rb2 Re8 18. Rab1 Qc6 19. Qe2 c4
20. Rb4 Ne4 21. Nxe4 Rxe4 22. f3 Ree8 23. Re1 b5 24. axb5 Rxb5 25. Rxb5 Qxb5
26. Qa2 Rb8 27. Ra1 h6 28. Bf4 Rb6 29. Bc7 Rc6 $4 {Diagram #} (29... Rb7) 30.
Rb1 Qxb1+ 31. Qxb1 Rxc7 32. e4 dxe4 33. Qxe4 Nf6 34. Qa8+ Kh7 35. Qxa6 g5 36.
Qxf6 1-0

[Event "Mechanics' Winter TNM; 30/90, SD/30"]
[Site "San Francisco"]
[Date "2015.02.24"]
[Round "8.22"]
[White "Poling, Scott"]
[Black "McKellar, Daniel"]
[Result "1-0"]
[WhiteElo "1910"]
[BlackElo "1653"]
[Annotator "Donaldson"]
[PlyCount "87"]
[EventDate "2015.??.??"]

1. e4 e6 2. d4 d5 3. Nc3 Nf6 4. Bg5 Be7 5. e5 Nfd7 6. h4 Bxg5 7. hxg5 Qxg5 8.
Nh3 Qe7 9. Nf4 Nc6 10. Qg4 g6 11. O-O-O Nb6 12. Qg3 a6 13. Kb1 Bd7 14. Be2
O-O-O 15. Rh6 f6 16. Qh2 Qg7 17. Bg4 f5 18. Bf3 Rde8 19. Nfe2 g5 20. g3 Nc4 21.
b3 N4xe5 22. dxe5 Nxe5 23. Ng1 {Diagram [#]} Nxf3 (23... Nf7 {
wins a piece cleanly.}) 24. Nxf3 Qxc3 25. Nxg5 Qg7 26. f4 d4 27. Qh5 Re7 28.
Rh1 Be8 29. Qe2 Bg6 30. Nf3 Rd8 31. Ne5 Rd6 32. Qc4 Re8 33. Qc5 b6 34. Qc4 Kb7
35. a4 c5 36. Nxg6 Rd7 37. Ne5 Rde7 38. Qd3 Rf8 39. Qf3+ Kc7 40. Qc6+ Kb8 41.
Qxb6+ Rb7 42. Qd6+ Kc8 43. Rxh7 Rd8 44. Qxe6+ 1-0

[Event "Mechanics' Spring TNM; G/2"]
[Site "San Francisco"]
[Date "2015.04.14"]
[Round "5.16"]
[White "Poling, Scott"]
[Black "Nelson, Christopher"]
[Result "1-0"]
[WhiteElo "1895"]
[BlackElo "1665"]
[Annotator "Winslow,Elliott"]
[PlyCount "73"]
[EventDate "2015.??.??"]

1. e4 e5 2. Nf3 Nf6 3. Nxe5 d6 4. Nf3 (4. Nxf7 $5 {, the Cochrane Gambit which
beguiled me back the 1960s, was in fact essayed by Tom Allen against Robert
Frank this very round! (1-0 33, after much madness)}) 4... Nxe4 5. Nc3 {
Somehow this has become the main line at the highest levels,} ({replacing} 5.
d4 d5 6. Bd3 {etc.}) 5... Nxc3 (5... Bf5 $4 {has quite a story to it,
certainly more than it deserves -- for now just note that} 6. Qe2 {has a huge
e (but not 100%!), including the second game 5...Bf5 was played in:
Zapata-Anand, Biel 1988:1-0. Yes, after 6.Qe2, the future world champion
resigned. (He was always a fast player...) How did he come to play this? Too
long a story for just now!}) 6. dxc3 Be7 7. Be3 Nc6 8. Qd2 {
and long castling! The reason for all the excitement.} Ne5 9. O-O-O O-O (9...
Nxf3 {is more common, but scores worse}) (9... Bg4 $5 {, while never played by
anyone strong (as in super-strong, the usual crowd for this opening), has
fared fairly well.}) 10. Be2 a5 $146 (10... Ng4) (10... Bf6) 11. Bd4 Nxf3 12.
Bxf3 Bg5 13. Be3 Bxe3 14. Qxe3 {A classic situation - White has pressure on b7,
seemingly holding up Black's development.} c6 $6 (14... Rb8 $1 {since} 15. Qa7
Be6 16. Bxb7 $2 Qg5+ 17. f4 Qb5 {ouch!}) 15. Qd2 d5 16. c4 {IQP?} d4 $2 {
just a free pawn} 17. Qxd4 Qg5+ 18. Kb1 Be6 19. Rhe1 Rad8 20. Qc3 $6 (20. Qa7
$1) (20. Qb6 $1) 20... Qc5 21. Re3 Rxd1+ 22. Bxd1 Qxc4 23. Qxc4 Bxc4 24. Re7 b5
25. Bf3 Rd8 $1 {Back rank mate anyone?} 26. b3 Kf8 27. Rc7 Bd5 28. Bxd5 Rxd5 $1
29. Kc1 Rc5 (29... Rd6 {with kingside pawn harassment to follow}) 30. a3 h5 31.
Kd2 Ke8 32. h4 Rd5+ 33. Ke3 Rc5 34. c4 $2 bxc4 35. Kd4 {Diagram [#]} c3 $4 (
35... Rf5 $1 {leaves Black with the better of it if anyone has it.}) 36. Kxc5
c2 {and touchdown! Except...} 37. Kd6 $1 {
Back-rank mate, or else 38.Rxc6 and stops the pawn. Nice.} 1-0

[Event "Mechanics' Spring TNM; G/2"]
[Site "San Francisco"]
[Date "2015.03.31"]
[Round "3.14"]
[White "Poling, Scott"]
[Black "Palmeri, Ralph"]
[Result "1-0"]
[WhiteElo "1895"]
[BlackElo "1708"]
[PlyCount "57"]
[EventDate "2015.??.??"]

1. e4 d6 2. d4 Nf6 3. Nc3 g6 4. Bf4 Bg7 5. Qd2 Nc6 6. O-O-O O-O 7. Bh6 a6 8. h4
b5 9. h5 b4 10. hxg6 bxc3 11. gxh7+ Nxh7 12. Qxc3 Qd7 13. Be2 e5 14. Qg3 f6 15.
Bc4+ Kh8 16. Bd5 Rb8 17. Bxc6 Bxh6+ 18. Rxh6 Qxc6 19. d5 Qb5 20. b3 Qd7 21. Nf3
Qg4 22. Rdh1 Rf7 23. Qh2 Qxe4 24. Nd2 Qf5 25. g4 Qd7 26. Ne4 Qe7 27. Nxf6 Bxg4
28. Rxh7+ Rxh7 29. Qxh7+ 1-0

[Event "Mechanics' Winter TNM; 30/90, SD/30"]
[Site "San Francisco"]
[Date "2015.01.13"]
[Round "2.3"]
[White "Poling, Scott"]
[Black "Shaw, Tenzing"]
[Result "0-1"]
[WhiteElo "1910"]
[BlackElo "2255"]
[Annotator "Donaldson"]
[PlyCount "96"]
[EventDate "2015.??.??"]

1. e4 e6 2. d3 d5 3. Nd2 Nf6 4. Ngf3 Bc5 5. e5 Nfd7 6. Nb3 Bb6 7. Be3 c5 8. d4
cxd4 9. Bxd4 Nc6 10. Bb5 Nxd4 11. Nbxd4 O-O 12. O-O a6 13. Ba4 Nc5 14. c3 Nxa4
15. Qxa4 Bd7 16. Qd1 f6 17. Re1 Qc7 18. exf6 Rxf6 19. Ne5 Re8 20. Rc1 Bc8 21.
Re3 Bc5 22. Qg4 Ref8 23. Rf1 Bd6 24. Qe2 Qe7 25. Re1 Re8 26. Ng4 Rg6 27. Nf5
exf5 28. Rxe7 Rxe7 29. Qd2 $2 (29. Qxe7 Bxe7 30. Rxe7 fxg4 (30... Rxg4 31. Re8+
Kf7 32. Rxc8 Rc4 33. Rd8 $11) 31. Re8+ Kf7 32. Rxc8) 29... Rxe1+ 30. Qxe1 {
Diagram #} Re6 $1 {It appears White missed this intermezzo.} 31. Qd1 (31. Qc1)
(31. Ne3 f4) 31... fxg4 32. Qxd5 Kf8 33. Kf1 Rf6 34. c4 Be7 35. c5 Rf5 36. Qd3
g6 37. b4 Be6 38. b5 Rxc5 39. Qe3 Bc4+ 40. Ke1 Rxb5 41. Qh6+ Kg8 42. Qe3 Bg5
43. Qe8+ Kg7 44. Qd7+ Kh6 45. f4 gxf3 46. Qh3+ Kg7 47. Qd7+ Bf7 48. gxf3 Bf6
0-1

[Event "Mechanics' Winter TNM; 30/90, SD/30"]
[Site "San Francisco"]
[Date "2015.02.03"]
[Round "5.12"]
[White "Poling, Scott"]
[Black "Smith, Mahlon A"]
[Result "1-0"]
[WhiteElo "1910"]
[BlackElo "2121"]
[Annotator "Donaldson"]
[PlyCount "85"]
[EventDate "2015.??.??"]

1. e4 c5 2. c3 Nf6 3. e5 Nd5 4. g3 Nc6 5. Bg2 e6 6. Nf3 d6 7. exd6 Bxd6 8. O-O
O-O 9. d4 Qc7 10. Na3 a6 11. Nc4 cxd4 12. Nxd6 Qxd6 13. Nxd4 Bd7 $2 {Diagram #}
14. c4 $1 Nf6 (14... Nxd4 15. Qxd4 Qb6 16. Be3 Qxd4 17. Bxd4 Nf6 18. Bxb7 {
winning.}) 15. Nxc6 Qxd1 16. Ne7+ Kh8 17. Rxd1 Rfe8 18. Bxb7 Ra7 19. c5 Ba4 20.
Bc6 Bxd1 21. Bxe8 Rxe7 22. Bc6 Rc7 23. Bg2 Ba4 24. Be3 Ng4 25. Rc1 Nxe3 26.
fxe3 g6 27. Bf1 a5 28. b3 Bc6 29. a3 Kg7 30. b4 axb4 31. axb4 Rb7 32. Rb1 Kf6
33. b5 Ke7 34. b6 Kd7 35. Rd1+ Ke7 36. Bg2 Bxg2 37. Kxg2 e5 38. Kf3 f5 39. e4
Ke6 40. Rc1 Ke7 41. c6 Rxb6 42. c7 Rb3+ 43. Kg2 1-0

[Event "Mechanics' Spring TNM; G/2"]
[Site "San Francisco"]
[Date "2015.04.21"]
[Round "6.9"]
[White "Poling, Scott"]
[Black "Traub, Igor"]
[Result "0-1"]
[WhiteElo "1895"]
[BlackElo "2073"]
[PlyCount "60"]
[EventDate "2015.??.??"]

1. e4 d5 2. exd5 Nf6 3. Bb5+ Nbd7 4. Nc3 a6 5. Ba4 b5 6. Bb3 Nb6 7. Nf3 b4 8.
Ne2 Nfxd5 9. c4 bxc3 10. dxc3 Bb7 11. O-O e6 12. Qd4 c5 13. Qg4 Nf6 14. Qg3 Bd6
15. Bf4 Nh5 16. Qg4 Nxf4 17. Nxf4 Qf6 18. Nh5 Qg6 19. Ba4+ Kf8 20. Ng5 Nxa4 21.
Nf4 Bxf4 22. Qxf4 h6 23. Nxe6+ Qxe6 24. Qxa4 Qc6 25. Qg4 h5 26. Qh3 Rh6 27. f3
Rd8 28. Rad1 Rd5 29. Qg3 Rhd6 30. Rxd5 Qxd5 0-1

[Event "Mechanics' Summer TNM; G/2"]
[Site "San Francisco"]
[Date "2015.06.30"]
[Round "6.14"]
[White "Poling, Scott E"]
[Black "Morgan, Jerry Dugl"]
[Result "1/2-1/2"]
[WhiteElo "1915"]
[BlackElo "1538"]
[PlyCount "36"]
[EventDate "2015.??.??"]

1. e4 Nf6 2. e5 Nd5 3. d4 d6 4. c4 Nb6 5. f4 g6 6. Be3 Bg7 7. Nc3 Be6 8. b3
N8d7 9. d5 Bf5 10. g4 dxe5 11. gxf5 exf4 12. Bd2 e5 13. fxe6 Qh4+ 14. Ke2 Qg4+
15. Kd3 Qf5+ 16. Ke2 Qg4+ 17. Kd3 Qf5+ 18. Ke2 Qg4+ 1/2-1/2

[Event "Mechanics' Summer TNM; G/2"]
[Site "San Francisco"]
[Date "2015.07.14"]
[Round "8.16"]
[White "Poling, Scott E"]
[Black "Standen, Julian"]
[Result "1-0"]
[WhiteElo "1915"]
[BlackElo "1634"]
[PlyCount "71"]
[EventDate "2015.??.??"]

1. e4 d5 2. exd5 Qxd5 3. Nc3 Qa5 4. Bc4 Nf6 5. d3 Bg4 6. f3 Bd7 7. Bd2 c5 8.
Qe2 e6 9. Nb5 Qb6 10. a4 a6 11. a5 Qd8 12. Nc3 Be7 13. Nh3 Nc6 14. Ne4 Nxe4 15.
fxe4 O-O 16. O-O Nd4 17. Qd1 e5 18. c3 Ne6 19. Qh5 Bf6 20. Rf3 g6 21. Qh6 Bg7
22. Qe3 Qe7 23. Raf1 Rad8 24. Qf2 Be8 25. Qg3 Kh8 26. Bd5 Rd6 27. Be3 Qc7 28.
Ng5 Nxg5 29. Bxg5 f6 30. Qh4 Qe7 31. Rh3 h5 32. Be3 Rd8 33. Qf2 Bf7 34. Bxc5
Qd7 35. Bxf8 Rxf8 36. c4 1-0

[Event "Mechanics' Summer TNM; G/2"]
[Site "San Francisco"]
[Date "2015.06.02"]
[Round "2.1"]
[White "Poling, Scott E"]
[Black "Winslow, Elliott"]
[Result "0-1"]
[WhiteElo "1915"]
[BlackElo "2301"]
[Annotator "Donaldson"]
[PlyCount "56"]
[EventDate "2015.??.??"]

1. e4 Nf6 2. e5 Nd5 3. d4 d6 4. c4 Nb6 5. f4 dxe5 6. fxe5 Bf5 7. Nf3 e6 8. Be3
Bb4+ 9. Nc3 c5 10. a3 Bxc3+ 11. bxc3 Nc6 12. Bd3 Bxd3 13. Qxd3 Qc7 14. Bg5 h6
15. Bh4 Na5 16. d5 Naxc4 17. d6 Qc6 18. O-O Na5 19. Rad1 Nd7 20. Be7 Qa4 21.
Rde1 (21. Nd2 {to bring the queen to g3 was stronger.}) 21... Nc6 22. Re4 Qa6
23. Qxa6 bxa6 24. Bh4 Rb8 25. g4 Rb3 26. g5 Rxc3 27. g6 fxg6 28. Bg3 Rf8 0-1

[Event "Mechanics' Summer TNM; G/2"]
[Site "San Francisco"]
[Date "2015.06.16"]
[Round "4.28"]
[White "Polyakova, Nina"]
[Black "Allen, Tom Carter"]
[Result "0-1"]
[WhiteElo "1491"]
[BlackElo "1663"]
[PlyCount "52"]
[EventDate "2015.??.??"]

1. e4 e5 2. Nf3 Nc6 3. Nc3 Nf6 4. Bc4 Bb4 5. Nb5 Nxe4 6. c3 Be7 7. Nxe5 Nxe5 8.
Nd4 Nxc4 9. Nf5 d5 10. O-O Bxf5 11. Qa4+ Bd7 12. Qd1 O-O 13. d3 Nxf2 14. Qc2
Bc5 15. dxc4 Qh4 16. b4 Bd6 17. Rxf2 Qxh2+ 18. Kf1 Qh1+ 19. Ke2 Rfe8+ 20. Kd3
dxc4+ 21. Kxc4 Qh4+ 22. Kb3 Be6+ 23. Ka4 a5 24. g3 Qc4 25. Rf4 b5+ 26. Ka3
axb4+ 0-1

[Event "Mechanics' Leighton Allen TNM; G/2"]
[Site "San Francisco"]
[Date "2015.08.10"]
[Round "2.19"]
[White "Porlares, Teodoro"]
[Black "Allen, Tom Carter"]
[Result "1-0"]
[WhiteElo "1849"]
[BlackElo "1541"]
[Annotator "Donaldson"]
[PlyCount "55"]
[EventDate "2015.??.??"]

1. e4 e5 2. Nf3 Nc6 3. Bb5 f5 4. exf5 e4 5. Qe2 Qe7 6. Bxc6 dxc6 7. Nd4 Nf6 8.
g4 h6 9. c4 Qc5 10. Nb3 Qe7 11. Nc3 Bd7 12. O-O c5 13. Re1 Bc6 14. Na5 Qe5 15.
Nxc6 bxc6 16. Nxe4 O-O-O 17. Rb1 Re8 18. d3 h5 19. f4 Qd4+ 20. Be3 Qd7 21. Nxf6
gxf6 22. Qc2 hxg4 23. Qa4 {Diagram #} Qxf5 (23... Rxe3 $1 24. Rxe3 Qd4 25. Rbe1
Rh3 $19) 24. Qxc6 Bd6 25. Bf2 Rxe1+ 26. Rxe1 Qxf4 27. Qa8+ Kd7 28. Qxh8 1-0

[Event "Mechanics' Summer TNM; G/2"]
[Site "San Francisco"]
[Date "2015.06.02"]
[Round "2.22"]
[White "Porlares, Teodoro"]
[Black "Aquino, Pat"]
[Result "0-1"]
[WhiteElo "1878"]
[BlackElo "1514"]
[PlyCount "50"]
[EventDate "2015.??.??"]

1. d4 d6 2. f4 g6 3. Nf3 Nf6 4. e3 c6 5. Bd3 Bg4 6. O-O Bg7 7. Nbd2 Nd5 8. Qe1
Nb4 9. Qe2 Nxd3 10. Qxd3 Nd7 11. h3 Bxf3 12. Nxf3 Qb6 13. Kh1 O-O 14. Bd2 f5
15. b4 Nf6 16. Qb3+ d5 17. Ne5 Qc7 18. c4 Ne4 19. Be1 e6 20. Rc1 Bxe5 21. dxe5
Qb6 22. Kh2 Rfe8 23. a4 dxc4 24. Qxc4 Rad8 25. Qb3 Rd5 {
Remaining moves don't play.} 0-1